000 00737nam a2200229 4500
001 32556
003 AR-RoBPED
005 20260413085440.0
008 260410s1971 es ||||er|||| 000 1 spa d
040 _aAR-RoBPED
041 _aspa
100 1 _aPavese, Cesare
_d1908-1950
_96824
245 1 3 _aEl diablo sobre las colinas /
_cCesare Pavese; prólogo de José Carlos Mainer Baque
260 _aEspaña:
_bSalvat,
_c1971.
300 _a159 p.
490 0 _a(Biblioteca Basica Salvat;
_vN°<81)
650 4 _aLITERATURA ITALIANA
_9497
650 4 _aNOVELAS
_925
700 _aMainer Baque, José Carlos
_d1944-
_930649
_eprol.
942 _2udc
_ak. 32556
_cBK
_h850-31
_mP 31 d
_ninv. 42319
945 _amm 10/04/2026 - cd 13/04/2026
999 _c32556
_d32556